LEADER 01109nam--2200361---450- 001 990006121580203316 005 20160205113746.0 010 $a978-3-0343-0993-6 035 $a000612158 035 $aUSA01000612158 035 $a(ALEPH)000612158USA01 035 $a000612158 100 $a20160205d2014----km-y0itay50------ba 101 $aeng 102 $aDE 105 $a||||||||001yy 200 1 $aBehind the image$eunderstanding the Old Testament in Medieval art$fJudith A. Kidd 210 $aOxford [etc.]$cLang$d2014 215 $aXIII, 257 p.$d22 cm 225 2 $aCultural interactions$v30 410 0$12001$aCultural interactions$v30 606 0 $aBibbia. Vecchio Testamento$xIconografia$zSec. 12.-13.$2BNCF 676 $a704.9484 700 1$aKIDD,$bJudith A.$0715464 801 0$aIT$bsalbc$gISBD 912 $a990006121580203316 951 $aXII.2.A. 926$b246227 L.M.$cXII.2.A.$d385210 959 $aBK 969 $aUMA 979 $aALESSANDRA$b90$c20160205$lUSA01$h1135 979 $aALESSANDRA$b90$c20160205$lUSA01$h1137 996 $aBehind the image$91384708 997 $aUNISA LEADER 01190nam--2200361---450- 001 990001616750203316 005 20040429101108.0 035 $a000161675 035 $aUSA01000161675 035 $a(ALEPH)000161675USA01 035 $a000161675 100 $a20040429d--------km-y0itay0103----ba 101 0 $aita 102 $aIT 105 $a||||||||001yy 200 1 $aVocabolario comparativo italiano-francese e francese-italiano$eper lo studio lessicale e grammaticale degli scrittori classici e dello svolgimento storico delle due lingue dalle origini a tutto il 19. secolo$fCandido Ghiotti 210 $aTorino$cPetrino$d[s.d.] 215 $av.$d21 cm 300 $a20ª ristampa dell'ed. originale del 1890 327 $a : Italiano-Francese. XX, 1572 p. 410 0$12001 454 1$12001 461 1$1001-------$12001 676 $a443 700 1$aGHIOTTI,$bCandido$0894 801 0$aIT$bsalbc$gISBD 912 $a990001616750203316 951 $a443 GHI$b1056 L.M.$c443 959 $aBK 969 $aUMA 979 $aSIAV1$b10$c20040429$lUSA01$h1011 996 $aVocabolario comparativo italiano-francese e francese-italiano$9944270 997 $aUNISA